Sondeo de mercado, selección de especies, plan de mercadeo y talleres de capacitación en mercado de plantas medicinales (Registro nro. 7209)

Detalles MARC
000 -CABECERA
Campo de control 00598nam a2200181 a 4500
005 - FECHA Y HORA DE LA ULTIMA TRANSACCION
Campo de control 20150825020002.0
008 - ELEMENTOS DE LONGITUD FIJA—INFORMACION GENERAL
Campo de control 150113b xxu||||| |||| 00| 0 spa d
040 ## - FUENTE DE CATALOGACIÓN
Agencia catalogadora original CO-BoIAVH
Agencia transcriptora CO-BoIAVH
041 ## - IDIOMA
Código de idioma para texto/pista de sonido o título separado Español
090 ## - CLASIFICACIÓN LOCAL
Colección IAVH
Consecutivo 01396
100 ## - ASIENTO PRINCIPAL--NOMBRE PERSONAL
Nombre personal Torres N., Andrés
245 ## - MENCION DE TITULO
Título Sondeo de mercado, selección de especies, plan de mercadeo y talleres de capacitación en mercado de plantas medicinales
Parte restante del título Informe final
260 ## - PUBLICACION, DISTRIBUCION, ETC. (PIE DE IMPRENTA)
Lugar de publicación, distribución, etc. Bogotá
Nombre del editor, distribuidor, etc. IAVH
Fecha de publicación, distribución, etc. 2006
300 ## - DESCRIPCION FISICA
Extensión 46 p.
650 ## - ASIENTO SECUNDARIO DE MATERIA - TERMINO TEMATICO
Término temático o nombre geográfico como elemento de entrada Plantas medicinales
650 ## - ASIENTO SECUNDARIO DE MATERIA - TERMINO TEMATICO
Término temático o nombre geográfico como elemento de entrada Comercialización de productos
942 ## - ELEMENTOS ADICIONALES (KOHA)
Tipo de ítem Informe Técnico
Koha issues (borrowed), all copies 2
Sistema de clasificación Local
Existencias
Withdrawn status Lost status Sistema de Clasificación Damaged status No para préstamo Colección Inventariado Ubicación Permanente Ubicación actual Fecha de adquisición Total Checkouts Número topográfico Inventario / Código de Barras Date last seen Date checked out Ejemplar Price effective from Forma de adquisición Tipo de material
    Local     Humboldt Inventariado 2017 Bogotá Bogotá 12/12/2013 2 IAVH-01396 027793 09/08/2024 24/08/2015 Ej. 1 12/12/2013   Informe Técnico